<?xml version="1.0" encoding="UTF-8"?>
<record
    xmlns:xsi="http://www.w3.org/2001/XMLSchema-instance"
    xsi:schemaLocation="http://www.loc.gov/MARC21/slim http://www.loc.gov/standards/marcxml/schema/MARC21slim.xsd"
    xmlns="http://www.loc.gov/MARC21/slim">

  <leader>02441nam a22002537a 4500</leader>
  <controlfield tag="005">20240531160051.0</controlfield>
  <controlfield tag="008">240207t2012    ck     er     001 0dspa d</controlfield>
  <datafield tag="020" ind1=" " ind2=" ">
    <subfield code="a">9781607381501</subfield>
  </datafield>
  <datafield tag="037" ind1=" " ind2=" ">
    <subfield code="3">Donaci&#xF3;n </subfield>
  </datafield>
  <datafield tag="040" ind1=" " ind2=" ">
    <subfield code="a">CO-JMCR</subfield>
    <subfield code="c">CO-JMCR</subfield>
    <subfield code="d">CO-JMCR</subfield>
    <subfield code="e">rda</subfield>
  </datafield>
  <datafield tag="041" ind1="0" ind2=" ">
    <subfield code="a">spa</subfield>
  </datafield>
  <datafield tag="082" ind1="0" ind2="4">
    <subfield code="2">23</subfield>
    <subfield code="a">158.1</subfield>
    <subfield code="b">C95l</subfield>
  </datafield>
  <datafield tag="100" ind1="1" ind2=" ">
    <subfield code="a">Cruz, Camilo, </subfield>
    <subfield code="e">autor</subfield>
    <subfield code="9">43221</subfield>
  </datafield>
  <datafield tag="245" ind1=" " ind2=" ">
    <subfield code="a">La vaca :</subfield>
    <subfield code="b">Uns historia sobre como deshacernos de conformismo y las excusas que nos impiden triunfar / </subfield>
    <subfield code="c">Camilo Cruz </subfield>
  </datafield>
  <datafield tag="260" ind1=" " ind2=" ">
    <subfield code="a">Bogot&#xE1;:</subfield>
    <subfield code="b">Taller del &#xE9;xito, </subfield>
    <subfield code="c">&#xA9;2012</subfield>
  </datafield>
  <datafield tag="300" ind1=" " ind2=" ">
    <subfield code="a">211 p&#xE1;ginas ; </subfield>
    <subfield code="c">21 cm. </subfield>
  </datafield>
  <datafield tag="500" ind1=" " ind2=" ">
    <subfield code="a">Incluye datos biogr&#xE1;ficos del autor</subfield>
  </datafield>
  <datafield tag="505" ind1="0" ind2=" ">
    <subfield code="a">tr&#xE1;gica y feliz historia de la vaca -- No todas las vacas mugen como vacas -- Toda vaca comienza su vida como una mansa ternera --  Vacas de diferentes colores -- Mam&#xE1; &#xBF;de donde vienen las vacas? -- Cuando nuestras vacas son obsequios de otras personas -- C&#xF3;mo deshacernos de nuestras vacas --  cinco pasos para deshacerte de tus vacas -- una vida libre de vacas</subfield>
  </datafield>
  <datafield tag="520" ind1="3" ind2=" ">
    <subfield code="a">La vaca por Cruz Camilo, el verdadero enemigo del &#xE9;xito y la felicidad no es el fracaso, como muchos piensan, sino el conformismo y las excusas que limitan nuestro &#xE9;xito. En esta extraordinaria met&#xE1;fora, la vaca representa toda excusa, pretexto o justificaci&#xF3;n que nos mantiene atados a una vida conformista que nos impide utilizar nuestro potencial al m&#xE1;ximo. Todos queremos hacer realidad nuestros sue&#xF1;os, tener mejores relaciones, alcanzar la libertad financiera e influir positivamente en la vida de nuestros hijos o familiares cercanos. Sin embargo, nos llenamos de excusas, buscamos culpables por nuestros fracasos y terminamos por creer que el &#xE9;xito es imposible. Este libro te mostrar&#xE1; lo que puedes lograr cuando finalmente te liberas de estas ataduras y comienzas a utilizar tu verdadero potencial. Acepta el reto de vivir una vida libre de vacas, una vida donde todo sue&#xF1;o es posible y los &#xFA;nicos l&#xED;mites son aquellos que t&#xFA; mismo te impongas. Esta edici&#xF3;n incluye seis cap&#xED;tulos nuevos en los que encontrar&#xE1;s las excusas y justificaciones m&#xE1;s comunes para no triunfar en algunas de las &#xE1;reas m&#xE1;s importantes de la vida: la familia, la salud, las finanzas, el trabajo, los hijos y los negocios. 
</subfield>
  </datafield>
  <datafield tag="650" ind1="1" ind2="4">
    <subfield code="2">JMCR</subfield>
    <subfield code="a">Consejos de &#xE9;xito </subfield>
    <subfield code="9">43222</subfield>
  </datafield>
  <datafield tag="650" ind1="2" ind2="4">
    <subfield code="2">JMCR</subfield>
    <subfield code="a">Superaci&#xF3;n personal </subfield>
    <subfield code="x">Autoayuda</subfield>
    <subfield code="9">43223</subfield>
  </datafield>
  <datafield tag="650" ind1="3" ind2="4">
    <subfield code="2">JMCR</subfield>
    <subfield code="a">Potencial y &#xE9;xito </subfield>
    <subfield code="x">Consejos </subfield>
    <subfield code="9">43224</subfield>
  </datafield>
  <datafield tag="942" ind1=" " ind2=" ">
    <subfield code="2">ddc</subfield>
    <subfield code="c">BK</subfield>
  </datafield>
  <datafield tag="999" ind1=" " ind2=" ">
    <subfield code="c">30518</subfield>
    <subfield code="d">16902</subfield>
  </datafield>
  <datafield tag="952" ind1=" " ind2=" ">
    <subfield code="0">0</subfield>
  </datafield>
</record>
